[Event "Aalborg Larsen Memorial"]
[Site "Aalborg"]
[Date "2016.10.18"]
[Round "4"]
[White "Christensen, Jan"]
[Black "Olesen, Poul Erik Norgaard"]
[Result "1-0"]
[WhiteElo "2179"]
[BlackElo "1987"]
[PlyCount "69"]
[EventDate "2016.10.15"]
[EventType "swiss"]
[EventRounds "7"]
[EventCountry "DEN"]
[SourceTitle "CBM 175 Extra"]
[Source "ChessBase"]
[SourceDate "2016.12.12"]
[SourceVersion "1"]
[SourceVersionDate "2016.12.12"]
[SourceQuality "1"]

1. d4 Nf6 2. Nf3 g6 3. Nc3 Bg7 4. e4 d6 5. Be3 c6 6. Qd2 Qa5 7. Bd3 Ng4 8. Bg5 h6 9. Bh4 Nd7 10. Bxe7 Qc7 11. Bh4 0-0 12. 0-0 Re8 13. a4 a5 14. Bg3 Ngf6 15. h3 Nh5 16. Bh2 g5 17. Rfe1 Nf8 18. e5 dxe5 19. Nxg5 Qd8 20. Nf3 exd4 21. Ne4 Be6 22. Nd6 Re7 23. g4 Nf6 24. Nxd4 Ne8 25. Nxe6 Nxe6 26. Nf5 Rd7 27. Nxh6+ Kf8 28. Nf5 Ng5 29. Rxe8+ Kxe8 30. Nxg7+ Kf8 31. Qc3 Rxd3 32. Qxd3 Kxg7 33. Qxd8 Rxd8 34. Kg2 Rh8 35. Ra3 1-0

[Event "Helsingor Xtracon op"]
[Site "Helsingor"]
[Date "2016.07.30"]
[Round "9"]
[White "Maselli, Daniel"]
[Black "Olesen, Poul Erik Norgaard"]
[Result "0-1"]
[WhiteElo "1751"]
[BlackElo "2020"]
[PlyCount "102"]
[EventDate "2016.07.23"]
[EventType "swiss"]
[EventRounds "10"]
[EventCountry "DEN"]
[SourceTitle "CBM 173 Extra"]
[Source "ChessBase"]
[SourceDate "2016.08.29"]
[SourceVersion "1"]
[SourceVersionDate "2016.08.29"]
[SourceQuality "1"]

1. d4 g6 2. Nf3 Bg7 3. Bg5 d6 4. e3 c6 5. c3 Nd7 6. Bd3 Ngf6 7. 0-0 h6 8. Bh4 0-0 9. Nbd2 e5 10. Ne4 Qc7 11. dxe5 dxe5 12. Nxf6+ Nxf6 13. Bg3 Nh5 14. Qc2 Be6 15. e4 Nxg3 16. hxg3 Rad8 17. Rfd1 Rd7 18. Be2 Rfd8 19. a3 Qb6 20. c4 a5 21. b3 Qc5 22. Rxd7 Rxd7 23. Qb2 Bg4 24. b4 Qa7 25. b5 Qc5 26. Rb1 Bxf3 27. gxf3 Bf8 28. bxc6 bxc6 29. a4 Rd4 30. Qc3 Qa7 31. Rb2 Bb4 32. Qe3 Kg7 33. f4 Bc5 34. Qf3 exf4 35. Qxf4 Qe7 36. Qf3 Rxe4 37. Qd3 Qe5 38. Rd2 Rd4 39. Qc3 f6 40. Qxa5 Rxd2 41. Qxd2 Qxg3+ 42. Kh1 Qh4+ 43. Kg2 Qxf2+ 44. Kh3 h5 45. Qd7+ Kh6 46. Qe6 Be3 47. Qxc6 Qxe2 48. Qxf6 Qg4+ 49. Kh2 Bf4+ 50. Kh1 Qh3+ 51. Kg1 Be3+ 0-1

[Event "Helsingor Xtracon op"]
[Site "Helsingor"]
[Date "2016.07.27"]
[Round "6"]
[White "Olesen, Poul Erik Norgaard"]
[Black "Gottschalck, Christian"]
[Result "1-0"]
[WhiteElo "2020"]
[BlackElo "1778"]
[PlyCount "71"]
[EventDate "2016.07.23"]
[EventType "swiss"]
[EventRounds "10"]
[EventCountry "DEN"]
[SourceTitle "CBM 173 Extra"]
[Source "ChessBase"]
[SourceDate "2016.08.29"]
[SourceVersion "1"]
[SourceVersionDate "2016.08.29"]
[SourceQuality "1"]

1. e4 d5 2. exd5 Nf6 3. d4 Nxd5 4. Nf3 g6 5. c4 Nb6 6. Nc3 Bg7 7. h3 0-0 8. Bf4 a6 9. Qd2 Re8 10. Be2 c6 11. 0-0 N8d7 12. Rad1 Nf6 13. Rfe1 Be6 14. b3 Qc8 15. Bh6 Bh8 16. Ng5 Bf5 17. Bf3 Qc7 18. g4 Bd7 19. Nge4 Rad8 20. Nxf6+ Bxf6 21. c5 Nd5 22. Bxd5 cxd5 23. Nxd5 Qc6 24. Nb4 Qc8 25. Qf4 Bh8 26. Nd5 Bxg4 27. Rxe7 Bf5 28. Rde1 Qc6 29. Qd6 Be6 30. Rxe8+ Rxe8 31. Ne7+ Rxe7 32. Qxe7 Qc8 33. d5 Bd7 34. c6 bxc6 35. dxc6 Be6 36. Rd1 1-0